000 00410cam a22001337a 4500
008 180718b2008 xxu||||| |||| 00| 0 eng d
020 _a9788131601693
082 _aB73x54 C429p
100 _aChhetri, Hariprasad
245 _aPanchayati raj system and development planning:the case of Sikkim
_cby Hariprasad Chhetri
260 _aJaipur
_bRawat
_c2008
300 _a302p.
650 _aPanchayat - India - Sikkim
999 _c443258
_d443258